All Incorporated Municipalities of Sullivan County, Pennsylvania - Statistics

General Stats
  • This quiz has been taken 5 times
  • The average score is 9 of 13
Answer Stats
Answer % Correct
Dushore
100%
Eagles Mere
100%
Forks
100%
Hillsgrove
100%
Laporte
100%
Laporte
100%
Colley
67%
Forksville
67%
Cherry
33%
Davidson
33%
Elkland
33%
Fox
33%
Shrewsbury
33%
No matching quizzes found
Score Distribution
Percent of People with Each Score
Percentile by Number Answered
Your Score History
You have not taken this quiz